Just Monika Lyrics - Statistics

General Stats
  • This quiz has been taken 23 times
  • The average score is 34 of 75
Answer Stats
Hint Answer % Correct
u are you into reading
87%
s no need for being coy
87%
j Welcome to our meeting
87%
m yo
80%
i hey
73%
s hey
73%
i Just monika
73%
m Just monika
73%
y Just monika
73%
t well improve your uptake
73%
k and i
67%
o and must you bring a boy
67%
i dont be scared to show em
67%
k the festivals days away
67%
n time to write some poems
67%
a you can help with baking
67%
j id say you seem
60%
a im having a difficult day
60%
o im just
60%
s maybe were friends
60%
t maybe were more
60%
n not the type hes looking for
60%
j or with banner making
60%
u pretty lonely
60%
u and ill walk home alone today
53%
n hanging around you
53%
m have a friggin cupcake
53%
k sayori you doing ok
53%
m shes depressed and stressed and shes feeling blue
53%
j cant look away
47%
m how could he love a simple girl next door
47%
o so i dont want sayori
47%
t all she wants are things back the way theyve been
40%
a and i cant get you out of my head
40%
k and i sing soprano
40%
u cant help but blush
40%
a dont mind cutting to the chase
40%
j im in love with you and your gorgeous face
40%
n ive never seen yuri so
40%
n lets talk about me instead
40%
i sane and chill and still kinda sweaty
40%
u thats a sentiment i cant allow
40%
a dont you dare be bashin
33%
o Forever
33%
u i only need you to love me
33%
t is getting the point now
33%
t its sharp as a knife and twice the rush
33%
i ive been learning piano
33%
s i wish i could make her grin
33%
m lets go read a story
33%
k Manga is my passion
33%
i natsuki is next im deleting her too
33%
o right here my dear
33%
m so look at me and just say
33%
s so my dear friend yuri
33%
n that you love me
33%
t theres no one else in our way
33%
o theres something I think you should know
33%
s these until tomorrow
33%
j the writings got finesse
33%
o what about sayori
33%
r Just sayori
27%
n maybe you knew
27%
u maybe you should borrow
27%
a or poems
27%
j or tea
27%
k we dont need cupcakes
27%
t were you looking up my dress
27%
s where did i get this overwhelming crush
27%
a and im sorry what you had to see
20%
a because now you belong to me
20%
s but it no longer matters
20%
o could you have guessed
20%
i and well sit here til the end of time
13%
k cause ive earned this and youre finally mine
13%
No matching quizzes found
Score Distribution
Percent of People with Each Score
Percentile by Number Answered
Your Score History
You have not taken this quiz